000
00303nam a2200133Ia 4500
008
090707b ii f a fnsan d
100
_a
Sahni, Balraj
_9
17609
245
_a
Mera pakistani safarnama
260
_a
Delhi
260
_b
Arsee Publishers
260
_c
2000
300
_a
216p.
942
_c
BK
999
_c
19587
_d
19587